• 首页
  • 本馆介绍
  • 公告通知
  • 最新文献
  • 馆藏检索
  • 电子资源
  • 读者导购
  • 参考咨询
  • 我的图书馆
  • 登录
  • 详细信息显示
  • 放入我的书架
  • 预约/预借图书
  • 作者相关作品
  • 分类相关作品
  • 丛书相关作品
  • 出版社相关作品

书目信息

  • 表格格式
  • 工作单格式
  • 卡片格式
题名:
大学生心理健康教育探索与实践
    
 
作者: 周航 主编
分册:  
出版信息: 成都   西南财经大学出版社  2015
页数: 253页
开本: 24cm
丛书名: 高校学生工作理论与实践丛书
单 册:
中图分类: G444-53
科图分类:
主题词: 大学生--da xue sheng--心理健康--健康教育--文集
电子资源:
ISBN: 978-7-5504-2197-4
000 01006nam0 22002531 450
001 0102164843
005 20170502164843.0
010    @a978-7-5504-2197-4@dCNY68.00
100    @a20160308d2015 em y0chiy50 ea
101 0  @achi
102    @aCN@b510000
105    @ay z 000yy
106    @ar
200 1  @a大学生心理健康教育探索与实践@9da xue sheng xin li jian kang jiao yu tan suo yu shi jian@f周航主编
210    @a成都@c西南财经大学出版社@d2015
215    @a253页@d24cm
225 2  @a高校学生工作理论与实践丛书@9gao jiao xue sheng gong zuo li lun yu shi jian cong shu
330    @a本书收录了《大学生心理健康与自我价值感的相关研究》、《大学生自我概念发展状况研究》、《当代大学生心理健康教育探析》、《高校毕业生就业心理分析及其培育途径》等文章。
461  0 @12001 @a高校学生工作理论与实践丛书
606 0  @a大学生@9da xue sheng@x心理健康@x健康教育@j文集
690    @aG444-53@v5
701  0 @a周航@9zhou hang@c(军事)@4主编
801  0 @aCN@b百万庄@c20170308
905    @b1001746-51@dG444-53@e269@f6
    
    大学生心理健康教育探索与实践/周航主编.-成都:西南财经大学出版社,2015
    253页;24cm.-(高校学生工作理论与实践丛书)
    
    
    ISBN 978-7-5504-2197-4:CNY68.00
    本书收录了《大学生心理健康与自我价值感的相关研究》、《大学生自我概念发展状况研究》、《当代大学生心理健康教育探析》、《高校毕业生就业心理分析及其培育途径》等文章。
●
相关链接 在E读中查询图书 在五车中查询图书 在当当中查询图书 在豆瓣中查询图书


正题名:大学生心理健康教育探索与实践     索取号:G444-53/269         预约/预借

序号 登录号 条形码 馆藏地/架位号 状态 备注
1 1001746   210017462   第一样本阅览室/ [索取号:G444-53/269] 在馆    
2 1001747   210017471   教育系资料室/ [索取号:G444-53/269] 在馆    
3 1001748   210017480   教育系资料室/ [索取号:G444-53/269] 在馆    
4 1001749   210017499   教育系资料室/ [索取号:G444-53/269] 在馆    
5 1001750   210017505   第四借阅区/ [索取号:G444-53/269] 在馆    
6 1001751   210017514   第四借阅区/ [索取号:G444-53/269] 在馆    
唐山师范学院图书馆 欢迎您!
大连网信软件有限公司© 版权所有